000 00538nam a2200205Ia 4500
003 OSt
005 20230607143515.0
008 210423s2012 xx 000 0 und d
020 _a9788132110118
040 _cAL
041 _aeng
082 _a363.7 BELI
100 _aBELL (Michael Mayerfeld).
_9121555
245 _aInvitation to environmental sociology.
260 _aNew Delhi
_bSage Publications
_c2012
300 _ax,384
_bPB
365 _b495
_cINR
906 _aenvironmental ; Invitation ; sociology.
942 _2ddc
_cBK
999 _c176196
_d176196